000 00643cam a2200229 a 4500
001 3769478
005 20180202070352.0
008 831021s1984 ctua b 001 0 eng
010 _a 83021900
020 _a0300029543 (alk. paper)
020 _a0300032021 (pbk.)
040 _aDLC
_cDLC
_dDLC
041 _aeng
080 _a577 WIL
082 0 0 _a577 WIL
_219
100 1 _a42
101 _aAST
245 1 0 _aGenesis on planet Earth :
_cWilliam Day ; foreword by Lynn Margulis.
504 _aBibliography: p. 287.
906 _a7
_bcbc
_corignew
_d1
_eocip
_f19
_gy-gencatlg
942 _2ddc
_cBK
999 _c41631
_d41631